Wybrane zagadnienia optymalizacji przecinania materiałów skalnych wysokociśnieniową strugą hydrościerną / (Rekord nr 8810)
| 000 -ETYKIETA REKORDU | |
|---|---|
| podpole kontrolne o stałej długości | 01109nab a2200193 i 4500 |
| 001 - NUMER KONTROLNY REKORDU | |
| podpole kontrolne | 8810 |
| 003 - IDENTYFIKATOR NUMERU KONTROLNEGO REKORDU | |
| podpole kontrolne | KOSZ 005 |
| 005 - DATA OSTATNIEJ MODYFIKACJI REKORDU | |
| podpole kontrolne | 20180430112216.0 |
| 008 - POLE O STAŁEJ DŁUGOŚCI - DANE KONTROLNE | |
| podpole kontrolne o stałej długości | 141114s1999 pl | | |000 ||pol |
| 040 ## - ŹRÓDŁO KATALOGOWANIA | |
| Instytucja, która utworzyła rekord | KOSZ 005 |
| Instytucja, która dokonała modyfikacji | KOSZ 005/EG |
| 100 1# - NAZWA OSOBOWA | |
| Nazwa osobowa | CHUDY, Jerzy. |
| Lata pracy | 1996 - . |
| Instytucja | Politechnika Koszalińska - Wydział Mechaniczny, |
| Wydział | Katedra Inżynierii Mechanicznej |
| 245 10 - TYTUŁ/ODPOWIEDZIALNOŚĆ | |
| Tytuł | Wybrane zagadnienia optymalizacji przecinania materiałów skalnych wysokociśnieniową strugą hydrościerną / |
| Pozostałe elementy strefy tytułu i oznaczenia odpowiedzialności | Jerzy Chudy. |
| 500 ## - UWAGI OGÓLNE | |
| Tekst uwagi | Dane z autopsji. |
| 520 ## - UWAGA DOTYCZĄCA TREŚCI DOKUMENTU | |
| Analiza dokumentacyjna, adnotacja itp. | W pracy przedstawiono badania nad wielokryterialną optymalizacją procesu cięcia wysokociśnieniową strugą hydrościerną. Celem ich zaprezentowania jest ukazanie potencjalnych możliwości intensyfikacji procesu przy posiadanej aparaturze jak i możliwych osiągnięć w warunkach rozwojowych. |
| 650 #0 - HASŁO PRZEDMIOTOWE W FORMIE NAZWY OGÓLNEJ LUB JEDNOSTKOWEJ | |
| Nazwa ogólna lub geograficzna | Cięcie wodno-ścierne. |
| 655 #0 - TERMIN INDEKSOWY - OKREŚLENIE RODZAJU/FORMY DOKUMENTU | |
| Określnie rodzaju/formy dokumentu | Materiały konferencyjne. |
| 773 0# - TYTUŁ DOKUMENTU MACIERZYSTEGO | |
| Wyrażenie wprowadzające | W : |
| Tytuł | Konferencja MECHANIKA´99 ''Nauka i praktyka". T.1 /red. K. Krzysztofowicz. - |
| Adres wydawniczy | Gdańsk: Wydaw. PG Wydział Mechaniczny, 1999. - |
| Informacje dotyczące relacji | s. 113-114 |
| 942 ## - HASŁO DODATKOWE - ELEMENTY(KOHA) | |
| Typ dokumentu | Rozdział |
| Schemat klasyfikacji | Uniwersalna klasyfikacja dziesiętna |
Brak dostępnych egzemplarzy.
